| 000 | 00451cam a2200193ua 4500 | ||
|---|---|---|---|
| 001 | 471 | ||
| 005 | 20260515113154.0 | ||
| 008 | 110406n ii |||gr||||Z||||||eng | ||
| 040 | _cMAIN | ||
| 082 | _a320.5 | ||
| 245 |
_aPolitical science. _cBy R C Agarwal. |
||
| 250 | _a3rd. | ||
| 260 |
_aNew Delhi.: _bS Chand.,987. |
||
| 300 |
_axi, 529 p.: _c20 cm. |
||
| 653 | _aPolitical science. | ||
| 653 | _aTheory. | ||
| 700 | _aAgarwal, R C., | ||
| 942 | _cBK | ||
| 999 |
_c413 _d413 |
||